Di mishpoḥe Erlikh; (Record no. 31265)

MARC details
000 -LEADER
fixed length control field 00551cam a22002051 4500
001 - CONTROL NUMBER
control field he 65001136
003 - CONTROL NUMBER IDENTIFIER
control field DLC
005 - DATE AND TIME OF LATEST TRANSACTION
control field 20260227111432.0
008 - FIXED-LENGTH DATA ELEMENTS--GENERAL INFORMATION
fixed length control field 940420s1964 is c 000 0 yid
010 ## - LIBRARY OF CONGRESS CONTROL NUMBER
LC control number he 65001136
025 ## - OVERSEAS ACQUISITION NUMBER
Overseas acquisition number PL480:Is-588
035 ## - SYSTEM CONTROL NUMBER
System control number (OCoLC)30303143
040 ## - CATALOGING SOURCE
Original cataloging agency DLC
Transcribing agency TxU
Modifying agency DLC
042 ## - AUTHENTICATION CODE
Authentication code premarc
050 00 - LIBRARY OF CONGRESS CALL NUMBER
Classification number PJ5129.K245
Item number M5
100 1# - MAIN ENTRY--PERSONAL NAME
Personal name Kahan, Jacob.
245 13 - TITLE STATEMENT
Title Di mishpoḥe Erlikh;
Remainder of title roman
Statement of responsibility, etc. [fun] Yaʻakov Kahan (Ben Aharon)
260 ## - PUBLICATION, DISTRIBUTION, ETC.
Place of publication, distribution, etc. Tel-Aviv,
Name of publisher, distributor, etc. Nay-Lebn,
Date of publication, distribution, etc. 724, 1964.
300 ## - PHYSICAL DESCRIPTION
Extent 227 p.
Other physical details port.
Dimensions 24 cm.

No items available.

Powered by Koha